Les chats dans les Aristochats en images - Statistiques

Statistiques générales
  • Ce quiz a été pris 125 fois
  • Le résultat moyen est 5 sur 10
Statistiques - réponses
Par images Réponse % Correct
Marie
95%
Berlioz
93%
Duchesse
89%
Toulouse
80%
Thomas O'Malley
60%
Scat Cat
38%
Peppo
8%
Billy Boss
7%
Hit Cat
7%
Shun gon
7%
Aucun quiz correspondant
Distribution des résultats
% des personnes avec chaque résultat
Percentile par nombre de réponses
Votre historique - résultats
Vous n’avez pas pris ce quiz